| 000 | 00772nam a22002177a 4500 | ||
|---|---|---|---|
| 999 |
_c11640 _d11640 |
||
| 003 | AR-CdUCM | ||
| 008 | 190404b ||||| |||| 00| 0 spa d | ||
| 040 |
_aMUNICIPALIDAD PROVINCIAL DEL CUSCO _cBIBLIOTECA MUNICIPAL DEL CUSCO |
||
| 082 |
_a867.41 / _bR35 / 1943 |
||
| 100 |
_aRega Molina, Horacio _929097 |
||
| 245 |
_aLa flecha pintada : _bensayos - glosas / |
||
| 260 |
_aBuenos Aires : _bArgentinas, _c1943. |
||
| 300 |
_a281 pƔginas ; _c19 cm. |
||
| 505 | _aApuntes sobre una tecnica de color -- La musica elemento natural del verso -- Descubrimiento del ripto -- Definición de lo indefinible... | ||
| 650 |
_aColor. _915671 |
||
| 650 |
_aVerso. _95907 |
||
| 650 |
_aArte. _9561 |
||
| 650 |
_aLiteratura. _983 |
||
| 942 |
_2ddc _cLIBROS |
||
| 945 |
_awfj _d2019-04-04 |
||